<?xml version="1.0" encoding="UTF-8"?>
<record
    xmlns:xsi="http://www.w3.org/2001/XMLSchema-instance"
    xsi:schemaLocation="http://www.loc.gov/MARC21/slim http://www.loc.gov/standards/marcxml/schema/MARC21slim.xsd"
    xmlns="http://www.loc.gov/MARC21/slim">

  <leader>01222nam a2200265 i 4500</leader>
  <controlfield tag="001">179324</controlfield>
  <controlfield tag="003">ES-MaACL</controlfield>
  <controlfield tag="005">20230906220745.0</controlfield>
  <controlfield tag="008">111102s2010    sp           |||| | spa d</controlfield>
  <datafield tag="020" ind1=" " ind2=" ">
    <subfield code="a">978-84-936113-2-3</subfield>
  </datafield>
  <datafield tag="080" ind1=" " ind2=" ">
    <subfield code="a">1"19"(063)</subfield>
  </datafield>
  <datafield tag="111" ind1="2" ind2=" ">
    <subfield code="a">Jornadas de Hispanismo Filos&#xF3;fico (</subfield>
    <subfield code="n">8&#xAA;. </subfield>
    <subfield code="d">2007. </subfield>
    <subfield code="c">Barcelona)</subfield>
    <subfield code="9">148445</subfield>
  </datafield>
  <datafield tag="245" ind1="1" ind2="3">
    <subfield code="a">La filosof&#xED;a y las lenguas de la Pen&#xED;nsula Ib&#xE9;rica </subfield>
    <subfield code="b">: actas de las VIII y IX Jornadas Internacionales de Hispanismo Filos&#xF3;fico, Barcelona, 2007, Santander, 2009 / </subfield>
    <subfield code="c">Jos&#xE9; Luis Mora Garc&#xED;a, Ram&#xF3;n Emilio Mandado Guti&#xE9;rrez, Gemma Gordo Pi&#xF1;ar... [et al.] (eds.).</subfield>
  </datafield>
  <datafield tag="260" ind1=" " ind2=" ">
    <subfield code="a">Madrid : </subfield>
    <subfield code="b">Fundaci&#xF3;n Ignacio Larramendi, </subfield>
    <subfield code="c">2010.</subfield>
  </datafield>
  <datafield tag="300" ind1=" " ind2=" ">
    <subfield code="a">648 p. ; </subfield>
    <subfield code="c">24 cm.</subfield>
  </datafield>
  <datafield tag="504" ind1=" " ind2=" ">
    <subfield code="a">Referencias bibliogr&#xE1;ficas.</subfield>
  </datafield>
  <datafield tag="650" ind1=" " ind2="7">
    <subfield code="a">Filosof&#xED;a-</subfield>
    <subfield code="y">S.XX-</subfield>
    <subfield code="v">Congresos y asambleas.</subfield>
    <subfield code="9">148446</subfield>
  </datafield>
  <datafield tag="650" ind1=" " ind2="4">
    <subfield code="a">Filosof&#xED;a-</subfield>
    <subfield code="z">Espa&#xF1;a-</subfield>
    <subfield code="v">Congresos y asambleas.</subfield>
    <subfield code="9">139496</subfield>
  </datafield>
  <datafield tag="700" ind1="1" ind2=" ">
    <subfield code="a">Mora Garc&#xED;a, Jos&#xE9; Luis.</subfield>
    <subfield code="9">139494</subfield>
  </datafield>
  <datafield tag="700" ind1="1" ind2=" ">
    <subfield code="a">Mandado Guti&#xE9;rrez, Ram&#xF3;n Emilio.</subfield>
    <subfield code="9">148447</subfield>
  </datafield>
  <datafield tag="700" ind1="1" ind2=" ">
    <subfield code="a">Gordo Pi&#xF1;ar, Gemma.</subfield>
    <subfield code="9">148448</subfield>
  </datafield>
  <datafield tag="710" ind1="2" ind2=" ">
    <subfield code="a">Fundaci&#xF3;n Ignacio Larramendi.</subfield>
    <subfield code="9">4322</subfield>
  </datafield>
  <datafield tag="711" ind1="2" ind2=" ">
    <subfield code="a">Jornadas de Hispanismo Filos&#xF3;fico (</subfield>
    <subfield code="n">9&#xAA;. </subfield>
    <subfield code="d">2009. </subfield>
    <subfield code="c">Santander)</subfield>
    <subfield code="9">148449</subfield>
  </datafield>
  <datafield tag="852" ind1=" " ind2=" ">
    <subfield code="a">ES-MaACL</subfield>
    <subfield code="j">N-4691</subfield>
  </datafield>
  <datafield tag="999" ind1=" " ind2=" ">
    <subfield code="c">179324</subfield>
    <subfield code="d">179324</subfield>
  </datafield>
  <datafield tag="952" ind1=" " ind2=" ">
    <subfield code="0">0</subfield>
    <subfield code="1">0</subfield>
    <subfield code="4">0</subfield>
    <subfield code="7">0</subfield>
    <subfield code="a">ATENEOM</subfield>
    <subfield code="b">ATENEOM</subfield>
    <subfield code="c">SPD2</subfield>
    <subfield code="d">2011-11-02</subfield>
    <subfield code="e">DON</subfield>
    <subfield code="l">0</subfield>
    <subfield code="o">N-4691</subfield>
    <subfield code="p">1188382</subfield>
    <subfield code="r">2023-02-23 00:00:00</subfield>
    <subfield code="w">2023-02-23</subfield>
    <subfield code="y">MONOGRAFIA</subfield>
  </datafield>
</record>
